Представление документа в формате RUSMARC

ПолеНазваниеЗначение
  Тип записи a
  Библиографический уровень a
001 Контрольный номер RU/REG73/CBS_GRAD/78291c75106d45bfa4fdddbc585eab01
005 Дата корректировки 20240131203730.9
100 Данные общей обработки __
a Данные общей обработки 20231009a1994####m##c0rusy0189 ca
101 Язык документа 0_
a Язык текста rus
102 Страна публикации __
a Страна публикации RU
105 Кодированные данные (монография) __
a Кодированные данные (монография) y | 000zb
200 Заглавие и сведения об ответственности 1_
a Заглавие Симбирская пленница: "Научи меня , Боже, любить..."[о судьбе супруги министра иностранных дел Российской империи А. Б. Сазоновой (в девичестве Нейдгарт), обвинённой в контрреволюционной деятельности и отбывавшей наказание в Симбирске]
e Сведения, относящиеся к заглавию из воспоминаний А.Б. Сазоновой "Мои переживания в 1916-1924 годах"
f Первые сведения об ответственности Н. Николаев
461 Уровень набора _0
1 2000
a Мономах
463 Уровень физической единицы _0
1 2000
a № 1 (133)
v С. 60-65.
1 2101
d 2023
1 001RU/REG73/CBS_GRAD/a74bf2e5d13f449baccf08767042d426
600 Персоналии _1
a Персоналии (Фамилия) Сазонова
b Персоналии (Имя, инициалы) Анна Борисовна
600 Персоналии _1
a Персоналии (Фамилия) Нейдгарт А.Б.
606 Тематические рубрики 0_
a Основная рубрика История - Россия - Гражданская война - 1918-1921
610 Ключевые слова 0_
a Ключевые слова Гражданская война
610 Ключевые слова 0_
a Ключевые слова министры иностранных дел
610 Ключевые слова 0_
a Ключевые слова аресты
686 Индексы других классификаций __
a Классификационный индекс 63.3(2) 612
2 Код системы rubbk
700 Автор _1
a Фамилия Николаев
4 Код отношения 070
b Имя (инициалы) Н.
g Полное личное имя Нафанаил
801 Источник записи _0
a Страна RU
b Организация RuCBSGrad
c Дата составления 20231009
g Правила каталогизации RCR
801 Источник записи _1
a Страна RU
b Организация RuCBSGrad
c Дата составления 20231009
g Правила каталогизации RCR
852 Данные о местонахождении __
a Наименование организации МБУК "ЦБС г. Димитровграда"
m Каталогизатор Тенигина
901 Тип документа __
t Тип документа b
w Контрольный № источника RU/REG73/CBS_GRAD/a74bf2e5d13f449baccf08767042d426
909 Создатель записи __
a Создатель записи Тенигина